Top U.S. Male Names by Letter - A - Statistics

General Stats
  • This quiz has been taken 106 times
  • The average score is 39 of 100
Answer Stats
Answer % Correct
Al
96%
Alex
89%
Andre
86%
Andrew
85%
Aaron
81%
Alexander
81%
Alexzander
81%
Aron
81%
Arron
81%
Anthony
80%
Alan
74%
Allan
74%
Allen
74%
Adan
72%
Aden
72%
Aiden
72%
Adam
70%
Aidan
70%
Ayden
70%
Albert
66%
Anton
65%
Arthur
65%
Andy
64%
Ali
58%
Axel
58%
Antonio
57%
Abraham
54%
Alfred
54%
Archie
53%
Avery
53%
Adrian
51%
Adrien
51%
Ashton
51%
Abel
49%
Asher
47%
Austen
47%
Austin
47%
Ari
45%
August
45%
Andreas
42%
Ashley
42%
Alvin
41%
Angel
41%
Alejandro
39%
Angelo
39%
Anders
38%
Arnold
38%
Alberto
36%
Armand
36%
Alec
35%
Andres
35%
Ace
34%
Anderson
34%
Alexis
32%
Addison
28%
Apollo
28%
Armando
28%
Arturo
28%
Archer
27%
Abram
26%
Ahmed
26%
Alfredo
26%
Arlo
26%
Augustus
26%
Adonis
24%
Amos
24%
Antoine
24%
Atticus
24%
Agustin
20%
Aldo
20%
Alfonso
20%
Alphonso
20%
Ariel
20%
Augustine
20%
Antony
19%
Aubrey
19%
Ahmad
16%
Amir
16%
Alonso
15%
Alonzo
15%
Alessandro
14%
Alton
14%
Ares
14%
Asa
14%
Abdullah
12%
Alden
12%
Amari
11%
Atlas
11%
Aric
8%
Armani
8%
Ayaan
8%
Adriel
5%
Aryan
5%
Adolfo
4%
Alvaro
4%
Aarav
3%
Alijah
3%
Antwan
3%
Arjun
3%
Abdiel
1%
No matching quizzes found
Score Distribution
Percent of People with Each Score
Percentile by Number Answered
Your Score History
You have not taken this quiz